00950cam a22002891 45000010005000000030006000050050017000110080041000280100017000690200018000860400023001040420009001270500015001360820008001511000016001592450038001752500036002132600040002493000059002895050007003485200182003555210029005375210019005666500022005856500019006076500034006264199FISKH20240627084716.0850926s1950 nyua j 000 1 eng  a 50010185  a9780394800813 aDLCcDLCdDLCbeng alcac00aPZ8.3.S477 a8111 aSeuss,cDr.10aIf I ran the zoo /cby Dr. Seuss. aThis edition published in 1977  aNew York : bRandom House, c1950.  a54 unnumbered pages : bcolor illustrations ; c29 cm  aR  aIf Gerald McGrew ran the zoo, he'd let all the animals go and fill it with more unusual beasts--a ten-footed lion, an Elephant-Cat, a Mulligatawny, a Tufted Mazurka, and others.8 a750 bLexile Adjusted 8 aR bRaz-Plus  1aStories in rhyme. 1aZoosvFiction. 1aImaginary creaturesvFiction.